| 000 | 00829nam a2200265 i 4500 | ||
|---|---|---|---|
| 001 | bg | ||
| 100 | 1 | _aDufour-Devitini, Alessia. | |
| 245 | 0 |
_aBosch / _c[tekst Alessia Devitini Dufour, tł. Anna Wieczrek-Niebielska]. |
|
| 260 |
_aWarszawa : _bRzeczpospolita ; _bHPS, _c2006. |
||
| 300 |
_a143 s. : _bil. ; _c26 cm. |
||
| 490 | 1 |
_aKlasycy Sztuki ; _v7 |
|
| 600 | 0 |
_aBosch, Hieronymus _d(ca 1450-1516) _xtwórczość |
|
| 650 | 0 |
_aMalarstwo niderlandzkie _xhistoria _y15-16 w. |
|
| 700 | 1 | 9 |
_aWieczorek-Niebielska, Anna _eTł. |
| 830 | _aKlasycy Sztuki ; | ||
| 020 | _a9788360529065 | ||
| 020 | _a836052906X | ||
| 040 | _cBPK | ||
| 041 | 1 |
_apol _hita |
|
| 080 | _a75.071(492/493)"14/15"(084.11)A/Z | ||
| 920 | _a978-83-60529-06-5 | ||
| 920 | _a83-60529-06-X | ||
| 942 | _cKS | ||
| 008 | s pl f |000 0 pol | ||
| 999 |
_c53727 _d53727 |
||
| 856 |
_uhttp://koha.tu.koszalin.pl/cgi-bin/koha/opac-detail.pl?biblionumber=53727 _yKatalog online BPK |
||